Southville International School and Colleges
Your cart is empty.
  • Cart
  • Lists
    Public lists Eva Luna New books Lux_list list_1
    Your lists Log in to create your own lists
  • Log in to your account
  • Your cookies
  • Search history
Southville International School and Colleges
  • Advanced search
  • Recent comments
  • Most popular
  • Libraries

Log in to your account

Log in with GOOGLE


If you do not have an external account, but do have a local account, you can still log in:

  1. Home
  2. MARC view: Quick writing :
Normal view MARC view ISBD view

Quick writing : (Record no. 344767)

[ view plain ]
MARC details
000 -LEADER
fixed length control field 00754nam a2200301Ia 4500
008 - FIXED-LENGTH DATA ELEMENTS--GENERAL INFORMATION
fixed length control field 171025s9999 xx 000 0 und d
020 ## - INTERNATIONAL STANDARD BOOK NUMBER
International Standard Book Number 8179292746
050 ## - LIBRARY OF CONGRESS CALL NUMBER
Classification number 428.13
050 ## - LIBRARY OF CONGRESS CALL NUMBER
Item number M624 2011
100 ## - MAIN ENTRY--PERSONAL NAME
Personal name Michigan, E.A
245 ## - TITLE STATEMENT
Title Quick writing :
245 ## - TITLE STATEMENT
Remainder of title and spell check for everyone /
245 ## - TITLE STATEMENT
Statement of responsibility, etc by E.A Michigan.
250 ## - EDITION STATEMENT
Edition statement First edition
260 ## - PUBLICATION, DISTRIBUTION, ETC. (IMPRINT)
Place of publication, distribution, etc New Delhi :
260 ## - PUBLICATION, DISTRIBUTION, ETC. (IMPRINT)
Name of publisher, distributor, etc Indegenious Books,
260 ## - PUBLICATION, DISTRIBUTION, ETC. (IMPRINT)
Date of publication, distribution, etc 2011
300 ## - PHYSICAL DESCRIPTION
Extent 183 pages :
300 ## - PHYSICAL DESCRIPTION
Other physical details illustrations ;
300 ## - PHYSICAL DESCRIPTION
Dimensions 21cm.
440 ## - SERIES STATEMENT/ADDED ENTRY--TITLE
Title English learners' series.
650 ## - SUBJECT ADDED ENTRY--TOPICAL TERM
Topical term or geographic name as entry element English language --
650 ## - SUBJECT ADDED ENTRY--TOPICAL TERM
Topical term or geographic name as entry element English language --
650 ## - SUBJECT ADDED ENTRY--TOPICAL TERM
General subdivision Orthography and spelling.
650 ## - SUBJECT ADDED ENTRY--TOPICAL TERM
General subdivision Spelling.
700 ## - ADDED ENTRY--PERSONAL NAME
Personal name Series.
700 ## - ADDED ENTRY--PERSONAL NAME
Personal name Title.
Holdings
Withdrawn status Lost status Damaged status Home library Current library Date acquired Total Checkouts Full call number Barcode Date last seen Price effective from Koha item type
      Stonyhurst Southville International School (Malarayat) Stonyhurst Southville International School (Malarayat) 10/25/2017   NF 428.13 M624 2011 SSISM3820 10/25/2017 10/25/2017 Books

Quick writing :

APA

Michigan E., Series & Title.Quick writing. New Delhi: .

Chicago

Michigan E.A, Series and Title.Quick writing. New Delhi: .

Harvard

Michigan E., Series and Title.Quick writing. New Delhi: .

MLA

Michigan E.A, Series and Title.New Delhi: . .

  • Place hold
  • Print
  • Cite
  • Add to your cart (remove)
  • Save record
    BIBTEX Dublin Core MARCXML MARC (non-Unicode/MARC-8) MARC (Unicode/UTF-8) MARC (Unicode/UTF-8, Standard) MODS (XML) RIS
  • More searches
    Search for this title in:
    Other Libraries (WorldCat) Other Databases (Google Scholar) Online Stores (Bookfinder.com) Open Library (openlibrary.org)

Exporting to Dublin Core...

SOUTHVILLE LIBRARY

Southville International School and Colleges Library

1281 Tropical Ave. Cor. Luxembourg St., BF Homes International, Las Pinas City

Tel. No. 8256374 / 252358 Loc. 117/146

Powered by Koha